000 00363pab a2200157 454500
008 180718b2007 xxu||||| |||| 00| 0 eng d
100 _aKurian, V. Mathew
245 _aAlternatives to globalisation: a search
260 _c2007
300 _ap.27-30.
362 _a18 Aug
650 _aGlobalization
773 _aMainstream
908 _aN
909 _a75558
999 _c75558
_d75558